| 000 | 01693nam0a2200361 4500 | ||
|---|---|---|---|
| 001 | RU\NLR\BIBL_A\022084291 | ||
| 005 | 20231225164032.0 | ||
| 010 |
_a978-5-9966-1702-9 _93000 |
||
| 021 |
_aRU _bКН-П-23-067903 _9КН-П-23-6899 |
||
| 035 | _a(NLR Aleph) 022084291 | ||
| 035 | _a(RuMoRGB)012251176 | ||
| 090 |
_a12697981 _c12697981 |
||
| 100 | _a20231129d2024 u y0rusy50 ca | ||
| 101 | 0 | _arus | |
| 102 | _aRU | ||
| 105 | _ay|||g 000yy | ||
| 181 | 0 |
_ai _baxxe |
|
| 182 | 0 | _an | |
| 200 | 1 |
_aИстория _eбольшой справочник для подготовки к ЕГЭ и ОГЭ _eсправочное пособие _e[все темы ЕГЭ и ОГЭ, словари понятий и персоналий, хронологические таблицы, словарь международных договоров России] _fН. И. Крамаров |
|
| 203 |
_aТекст _bвизуальный _cнепосредственный |
||
| 205 | _aИзд. 6-е, испр. и доп. | ||
| 210 |
_aРостов-на-Дону _cЛегион _d2024 (печ. 2023) |
||
| 215 |
_a447, [1] с. _cтабл. _d21 |
||
| 225 | 1 | _aЕГЭ и ОГЭ | |
| 320 | _aБиблиогр. в конце кн. | ||
| 607 |
_aРоссия _xИстория _jСправочники для школьников _2nlr_sh1 _2nlr_sh2 _3RU\NLR\AUTH\66979780 |
||
| 686 | 1 | _aТ3(2)я2 | |
| 700 | 1 |
_aКрамаров _bН. И. _gНиколай Иванович |
|
| 856 | 4 |
_qapplication/pdf _uhttp://dlib.rsl.ru/rsl01010000000/rsl01010471000/rsl01010471721/rsl01010471721.pdf _yЧитать |
|
| 942 | _cBOOK | ||
| 980 | _aNB | ||